[Event "Western Canadian op"]
[Site "Richmond CAN"]
[Date "2004.07.17"]
[Round "9.42"]
[White "Fletcher, Christopher"]
[Black "Sabaratnam, Thiruvaran"]
[Result "1-0"]
[WhiteElo "1652"]
[BlackElo "1001"]
[PlyCount "129"]
[GameId "2160767911095713"]
[EventDate "2004.07.09"]
[EventType "swiss"]
[EventRounds "10"]
[EventCountry "CAN"]

1. d4 d5 2. c4 e6 3. Nc3 Nf6 4. cxd5 exd5 5. Bg5 Be7 6. e3 Nc6 7. Bd3 Be6 8. Nge2 h6 9. Bh4 a6 10. Bxf6 Bxf6 11. Nf4 O-O 12. a3 Ne7 13. Nh5 Nf5 14. Bxf5 Bxf5 15. Nxf6+ Qxf6 16. Nxd5 Qd8 17. Qf3 c6 18. Ne7+ Qxe7 19. Qxf5 Rfe8 20. O-O Rad8 21. Rac1 Rd5 22. Qf3 Qg5 23. b4 Rf5 24. Qe2 Re6 25. Rc5 Rg6 26. f4 Qf6 27. Rxf5 Qxf5 28. Rc1 f6 29. h3 Qxh3 30. Rc5 Qg3 31. Rh5 Qg4 32. Qxg4 Rxg4 33. Kf2 Kf7 34. Kf3 Rg6 35. f5 Rg5 36. Rxg5 hxg5 37. e4 g6 38. fxg6+ Kxg6 39. Kg4 Kf7 40. Kf5 b5 41. d5 cxd5 42. exd5 Ke7 43. g4 Kf7 44. d6 Ke8 45. Kxf6 Kd7 46. Kxg5 Kxd6 47. Kf6 Kd7 48. Kf7 Kd6 49. g5 Ke5 50. g6 Kf5 51. g7 Kg5 52. g8=Q+ Kf5 53. Qg6+ Ke5 54. Qxa6 Kd5 55. Qxb5+ Ke4 56. Ke6 Ke3 57. Ke5 Kf3 58. Qd5+ Kg4 59. Ke4 Kg3 60. Qf5 Kh4 61. Ke3 Kg3 62. Qf4+ Kh3 63. Qg5 Kh2 64. Kf3 Kh3 65. Qg3# 1-0

[Event "Western Canadian op"]
[Site "Richmond CAN"]
[Date "2004.07.18"]
[Round "10"]
[White "Aird, Ian"]
[Black "Haukenfrers, Dale"]
[Result "1-0"]
[WhiteElo "2051"]
[BlackElo "2160"]
[PlyCount "113"]
[GameId "2160767911095714"]
[EventDate "2004.07.09"]
[EventType "swiss"]
[EventRounds "10"]
[EventCountry "CAN"]
[SourceTitle "CBM 101 ext"]
[Source "ChessBase"]
[SourceDate "2004.09.01"]
[SourceVersion "2"]
[SourceVersionDate "2004.09.23"]
[SourceQuality "1"]

1. e4 g6 2. d4 Nf6 3. Nc3 d5 4. Bd3 dxe4 5. Nxe4 Nxe4 6. Bxe4 Bg7 7. c3 Nd7 8. Nf3 O-O 9. O-O c5 10. Be3 Qc7 11. Qe2 e5 12. dxc5 Nxc5 13. Qc4 Ne6 14. Qxc7 Nxc7 15. Rfd1 h6 16. Rd6 f5 17. Bc2 g5 18. Bb3+ Kh8 19. Rad1 f4 20. Bc5 Bg4 21. h3 Bf5 22. Rd7 Rfc8 23. Rf7 Be6 24. Bxe6 Nxe6 25. Ba3 e4 26. Re1 Nd8 27. Rd7 Rc4 28. Nd2 Ra4 29. Rxe4 Rxe4 30. Nxe4 b5 31. Be7 Nf7 32. Bf6 Bxf6 33. Nxf6 Kg7 34. Ne4 Kg6 35. f3 a5 36. Rb7 b4 37. Kf2 Ne5 38. Ke2 Nc4 39. b3 Ne3 40. c4 Nxg2 41. c5 a4 42. Rxb4 axb3 43. axb3 Ra2+ 44. Nd2 Ne3 45. Kd3 h5 46. Rd4 Kf5 47. c6 Ra6 48. Rd6 g4 49. hxg4+ hxg4 50. fxg4+ Nxg4 51. Kd4 Ne3 52. b4 Nc2+ 53. Kc5 Nxb4 54. Kxb4 Ke5 55. Nc4+ Ke4 56. c7 f3 57. Rxa6 1-0

[Event "Western Canadian op"]
[Site "Richmond CAN"]
[Date "2004.07.18"]
[Round "10"]
[White "Verma, Tony"]
[Black "Jose, Marionito"]
[Result "0-1"]
[WhiteElo "1870"]
[BlackElo "1647"]
[PlyCount "66"]
[GameId "2160767911095717"]
[EventDate "2004.07.09"]
[EventType "swiss"]
[EventRounds "10"]
[EventCountry "CAN"]
[SourceTitle "CBM 101 ext"]
[Source "ChessBase"]
[SourceDate "2004.09.01"]
[SourceVersion "2"]
[SourceVersionDate "2004.09.23"]
[SourceQuality "1"]

1. d4 Nf6 2. c4 c5 3. e3 e6 4. Nc3 d5 5. cxd5 exd5 6. dxc5 Bxc5 7. Nf3 O-O 8. Be2 Nc6 9. O-O h6 10. a3 a5 11. Qc2 Qe7 12. Rd1 Be6 13. Bd3 Rfd8 14. Ne2 Rac8 15. Qb1 Bg4 16. Bd2 Ne4 17. Be1 b6 18. Bb5 Bxf3 19. gxf3 Ng5 20. Qf5 g6 21. Qg4 Ne5 22. Qg2 Nexf3+ 23. Kh1 Nh4 24. Qg4 Qe4+ 25. Qxe4 dxe4 26. b4 axb4 27. axb4 Be7 28. Nd4 Bf6 29. f4 Ngf3 30. Bf2 Nxd4 31. exd4 Nf3 32. Ra7 Rc2 33. Bg3 Bh4 0-1

[Event "Western Canadian op"]
[Site "Richmond CAN"]
[Date "2004.07.18"]
[Round "10"]
[White "Wang, Yamei"]
[Black "Koons, Nathaniel"]
[Result "1/2-1/2"]
[WhiteElo "2125"]
[BlackElo "2267"]
[PlyCount "26"]
[GameId "2160767911095719"]
[EventDate "2004.07.09"]
[EventType "swiss"]
[EventRounds "10"]
[EventCountry "CAN"]
[SourceTitle "CBM 101 Extra"]
[Source "ChessBase"]
[SourceDate "2004.09.01"]
[SourceVersion "2"]
[SourceVersionDate "2004.09.01"]
[SourceQuality "1"]

1. e4 e5 2. Nf3 Nc6 3. Bc4 Nf6 4. d3 Be7 5. O-O d6 6. c3 Bg4 7. Nbd2 Nd7 8. h3 Bh5 9. Re1 Nc5 10. Nf1 Na5 11. Ng3 Bxf3 12. Qxf3 Nxc4 13. dxc4 g6 1/2-1/2

[Event "Western Canadian op"]
[Site "Richmond CAN"]
[Date "2004.07.18"]
[Round "10.2"]
[White "Lee, Vicente jr."]
[Black "Bellon Lopez, Juan Manuel"]
[Result "1-0"]
[WhiteElo "2326"]
[BlackElo "2447"]
[PlyCount "69"]
[GameId "2160767911095721"]
[EventDate "2004.07.09"]
[EventType "swiss"]
[EventRounds "10"]
[EventCountry "CAN"]

1. d4 Nf6 2. Nf3 c5 3. d5 d6 4. c4 e5 5. g3 Be7 6. Bg2 O-O 7. O-O Ne8 8. Nc3 f5 9. e4 h6 10. Re1 fxe4 11. Nxe4 Bf5 12. Nc3 Na6 13. a3 Qd7 14. Nd2 Nf6 15. Nce4 Nxe4 16. Nxe4 b5 17. cxb5 Qxb5 18. f4 exf4 19. Bxf4 c4 20. Kh1 Qd7 21. Rc1 Rac8 22. Qe2 Bg4 23. Qd2 Rfe8 24. Qd4 Bf8 25. Nxd6 Bxd6 26. Bxd6 Be2 27. Be5 Bd3 28. d6 Nc5 29. Qd5+ Kh8 30. Bc3 Be2 31. Qd2 Bd3 32. Qxh6+ Bh7 33. Bh3 Qb7+ 34. Kg1 Nd3 35. d7 1-0

[Event "Western Canadian op"]
[Site "Richmond CAN"]
[Date "2004.07.18"]
[Round "10.5"]
[White "Davies, Lucas"]
[Black "Fuentebella, Mayo"]
[Result "1/2-1/2"]
[WhiteElo "2130"]
[BlackElo "2348"]
[PlyCount "184"]
[GameId "2160767911095722"]
[EventDate "2004.07.09"]
[EventType "swiss"]
[EventRounds "10"]
[EventCountry "CAN"]

1. e4 e6 2. d4 d5 3. Nd2 c5 4. exd5 Qxd5 5. Ngf3 cxd4 6. Bc4 Qd6 7. O-O Nf6 8. Nb3 Nc6 9. Nbxd4 Nxd4 10. Nxd4 a6 11. c3 Qc7 12. Bd3 Bd6 13. h3 O-O 14. Bg5 Nd7 15. Qh5 g6 16. Qh6 Re8 17. Rfe1 Bf8 18. Qh4 Bg7 19. Rad1 Nf8 20. Bf6 Bd7 21. Bxg7 Kxg7 22. Nf3 f6 23. Qc4 Rac8 24. Qxc7 Rxc7 25. Bc2 e5 26. Nd2 Be6 27. Bb3 Rd8 28. Bxe6 Nxe6 29. Nb3 Rcd7 30. Rxd7+ Rxd7 31. g3 Kf7 32. h4 b6 33. Kf1 a5 34. Ke2 a4 35. Nc1 Nc5 36. Rd1 Rxd1 37. Kxd1 Ke6 38. Ke2 Ne4 39. c4 f5 40. Nd3 h6 41. Ke3 Nf6 42. b3 axb3 43. axb3 g5 44. hxg5 hxg5 45. f3 e4 46. Nb4 exf3 47. Kxf3 Ne4 48. Nd5 Nd2+ 49. Kf2 Nxb3 50. Nxb6 Kd6 51. Nd5 Nd2 52. Ne3 Ke5 53. Ke2 Ne4 54. Kf3 Nc5 55. Ng2 g4+ 56. Ke3 Ne4 57. c5 Nxc5 58. Nf4 Ne4 59. Ne2 Nf6 60. Kf2 Nd5 61. Nc1 Ke4 62. Nb3 Nf6 63. Nc5+ Kd5 64. Nd3 Ne4+ 65. Kg2 Kd4 66. Nf4 Nc5 67. Ne2+ Ke3 68. Nc3 Ne6 69. Nd5+ Ke2 70. Nc3+ Ke1 71. Nd5 Nd4 72. Nf4 Nc2 73. Nd3+ Kd2 74. Nf4 Ne1+ 75. Kf1 Nc2 76. Kf2 Ne3 77. Ne6 Nd1+ 78. Kf1 Ke3 79. Kg2 Kd2 80. Kf1 Ke3 81. Kg2 Nc3 82. Nf4 Kd2 83. Kf2 Nd1+ 84. Kg2 Nb2 85. Nd5 Nd1 86. Nf4 Nc3 87. Kf2 Ne4+ 88. Kg2 Ng5 89. Nd5 Ne6 90. Kf2 Nc5 91. Kg2 Ne4 92. Nf4 Nxg3 1/2-1/2

[Event "Western Canadian op"]
[Site "Richmond CAN"]
[Date "2004.07.18"]
[Round "10.6"]
[White "Meng, Fanhao"]
[Black "Davies, Noam"]
[Result "1/2-1/2"]
[WhiteElo "2284"]
[BlackElo "1898"]
[PlyCount "35"]
[GameId "2160767911095723"]
[EventDate "2004.07.09"]
[EventType "swiss"]
[EventRounds "10"]
[EventCountry "CAN"]

1. e4 c5 2. Nf3 e6 3. c3 Nf6 4. e5 Nd5 5. d4 cxd4 6. cxd4 Qc7 7. Bd3 b6 8. O-O Bb7 9. Ng5 d6 10. Nxh7 g6 11. Nxf8 Kxf8 12. Qc2 Nc6 13. f4 Rc8 14. Qa4 dxe5 15. fxe5 Nxe5 16. Qa3+ Kg7 17. dxe5 Qxe5 18. Bd2 1/2-1/2

[Event "Western Canadian op"]
[Site "Richmond CAN"]
[Date "2004.07.18"]
[Round "10.10"]
[White "Kraidman, Yair"]
[Black "Pechisker, Alfred"]
[Result "0-1"]
[WhiteElo "2320"]
[BlackElo "2144"]
[PlyCount "72"]
[GameId "2160767911095726"]
[EventDate "2004.07.09"]
[EventType "swiss"]
[EventRounds "10"]
[EventCountry "CAN"]

1. d4 Nf6 2. c4 d6 3. Nc3 g6 4. e4 Bg7 5. f3 O-O 6. Be3 e5 7. Nge2 Nbd7 8. Qd2 Ne8 9. d5 f5 10. O-O-O Ndf6 11. h3 f4 12. Bf2 Rf7 13. Kb1 Bf8 14. Nc1 g5 15. b4 h5 16. Nb3 g4 17. hxg4 hxg4 18. c5 Rg7 19. cxd6 cxd6 20. Rc1 Nh7 21. Nb5 a6 22. Na3 Ng5 23. Be2 gxf3 24. Bxf3 Nf6 25. Qe2 Bd7 26. Na5 Be8 27. N5c4 Ngxe4 28. Ka1 Ng3 29. Bxg3 Rxg3 30. Nd2 Bg7 31. Kb1 e4 32. Nxe4 Nxe4 33. Bxe4 Qf6 34. Nc4 Qa1+ 35. Kc2 Ba4+ 36. Kd2 Bc3+ 0-1

[Event "Western Canadian op"]
[Site "Richmond CAN"]
[Date "2004.07.18"]
[Round "10.11"]
[White "Salcedo, Daniel"]
[Black "Metz, Hartmut"]
[Result "0-1"]
[WhiteElo "2038"]
[BlackElo "2290"]
[PlyCount "84"]
[GameId "2160767911095727"]
[EventDate "2004.07.09"]
[EventType "swiss"]
[EventRounds "10"]
[EventCountry "CAN"]

1. d4 c6 2. c4 d5 3. Nf3 Nf6 4. Qc2 dxc4 5. Qxc4 Bf5 6. b4 e6 7. Nc3 b5 8. Qb3 a5 9. bxa5 Qxa5 10. Bd2 Qa3 11. Qxa3 Rxa3 12. e3 b4 13. Nd1 Be4 14. Bc4 Bd5 15. Bxd5 exd5 16. Bc1 Ra6 17. Bb2 Nbd7 18. Nd2 Be7 19. f3 O-O 20. e4 Rfa8 21. e5 Ne8 22. a3 bxa3 23. Bc3 Nc7 24. Rc1 Rb8 25. Ne3 Nb5 26. Ba1 Bb4 27. Ke2 Nf8 28. Nb3 Ne6 29. g3 Bc3 30. Bxc3 Nxc3+ 31. Rxc3 Rxb3 32. Kd3 Rb2 33. Ra1 a2 34. Rc2 Rb3+ 35. Rc3 Rxc3+ 36. Kxc3 Ra3+ 37. Kd2 Nxd4 38. Nc2 Nxc2 39. Kxc2 Rxf3 40. Rh1 Rf2+ 41. Kb3 Rxh2 42. Rc1 g5 0-1

[Event "Western Canadian op"]
[Site "Richmond CAN"]
[Date "2004.07.18"]
[Round "10.13"]
[White "Oszvald, Joseph"]
[Black "Kyriakides, Savvas"]
[Result "1-0"]
[WhiteElo "2181"]
[BlackElo "1946"]
[PlyCount "87"]
[GameId "2160767911095728"]
[EventDate "2004.07.09"]
[EventType "swiss"]
[EventRounds "10"]
[EventCountry "CAN"]

1. e4 c5 2. d4 cxd4 3. c3 dxc3 4. Nxc3 Nc6 5. Nf3 e6 6. Bc4 a6 7. a3 Nge7 8. Bg5 f6 9. Bf4 Ng6 10. Bg3 b5 11. Ba2 Be7 12. h4 O-O 13. h5 Nge5 14. Nh4 Qb6 15. Nf5 Kh8 16. h6 g6 17. Nxe7 Nxe7 18. Qd2 b4 19. axb4 Qxb4 20. Bxe5 fxe5 21. O-O Nc6 22. Rac1 Rf4 23. g3 Nd4 24. Kg2 Rf8 25. f4 Bb7 26. fxe5 Bc6 27. Rfd1 Nb5 28. Bb1 Nxc3 29. bxc3 Qe7 30. Rf1 Rxf1 31. Rxf1 Rf8 32. Rxf8+ Qxf8 33. Qg5 Bb5 34. Qf4 Kg8 35. Kh3 Bf1+ 36. Kg4 Qf7 37. Kg5 Kf8 38. Bc2 Bb5 39. Qf6 Qxf6+ 40. exf6 d6 41. e5 dxe5 42. Bxg6 Be8 43. Bxh7 e4 44. Bxe4 1-0

[Event "Western Canadian op"]
[Site "Richmond CAN"]
[Date "2004.07.18"]
[Round "10.14"]
[White "Kazmaier, Daniel"]
[Black "Milicevic, Dragoljub"]
[Result "1-0"]
[WhiteElo "1974"]
[BlackElo "2182"]
[PlyCount "83"]
[GameId "2160767911095729"]
[EventDate "2004.07.09"]
[EventType "swiss"]
[EventRounds "10"]
[EventCountry "CAN"]

1. e4 d5 2. exd5 Nf6 3. d4 Nxd5 4. Nf3 g6 5. c4 Nb6 6. h3 Bg7 7. Nc3 O-O 8. Be3 Nc6 9. Be2 e5 10. d5 Ne7 11. Qd2 Nf5 12. Bc5 Re8 13. Ne4 Nd6 14. Nxd6 cxd6 15. Be3 Nd7 16. O-O a5 17. b3 Nc5 18. Bh6 Bh8 19. Bd1 Bf5 20. Ne1 Qc8 21. Bc2 Bd7 22. Rc1 f5 23. a3 b6 24. b4 Na4 25. Bxa4 Bxa4 26. b5 f4 27. Nd3 Qf5 28. Nb2 Bb3 29. a4 Qh5 30. Rc3 Qxh6 31. Rxb3 e4 32. f3 e3 33. Qe2 Rac8 34. Rc1 Bd4 35. Rd1 Qg7 36. Nd3 g5 37. Ne1 Re7 38. Nc2 Rxc4 39. Qxc4 e2+ 40. Qxd4 Qg6 41. Re1 Qxc2 42. Rb2 1-0

[Event "Western Canadian op"]
[Site "Richmond CAN"]
[Date "2004.07.18"]
[Round "10.15"]
[White "Lane, Travis"]
[Black "Tegzes, Laszlo"]
[Result "1-0"]
[WhiteElo "1895"]
[BlackElo "2118"]
[PlyCount "73"]
[GameId "2160767911095730"]
[EventDate "2004.07.09"]
[EventType "swiss"]
[EventRounds "10"]
[EventCountry "CAN"]

1. e4 c5 2. Nf3 e6 3. d4 cxd4 4. Nxd4 Nf6 5. Nc3 Nc6 6. Ndb5 d6 7. Bf4 e5 8. Bg5 a6 9. Na3 b5 10. Bxf6 gxf6 11. Nd5 f5 12. Bxb5 axb5 13. Nxb5 Ra4 14. Nbc7+ Kd7 15. O-O Rxe4 16. Qh5 Nd4 17. c3 Ne2+ 18. Kh1 Kc6 19. g3 Rg8 20. Qf3 Qxc7 21. Nxc7 Kxc7 22. Qd3 f4 23. Qd5 Rg7 24. Qa5+ Kd7 25. Qa7+ Kd8 26. Qa8 f5 27. Kg2 Rb7 28. b3 fxg3 29. hxg3 Kc7 30. Rfe1 Rb6 31. Kf1 Nxc3 32. Rxe4 Nxe4 33. Rc1+ Nc5 34. Qf3 Bh6 35. Rc2 Ba6+ 36. Kg1 Bd3 37. Qxd3 1-0

[Event "Western Canadian op"]
[Site "Richmond CAN"]
[Date "2004.07.18"]
[Round "10.16"]
[White "North, Robert"]
[Black "Lister, Curtis"]
[Result "1/2-1/2"]
[WhiteElo "2115"]
[BlackElo "1964"]
[PlyCount "45"]
[GameId "2160767911095731"]
[EventDate "2004.07.09"]
[EventType "swiss"]
[EventRounds "10"]
[EventCountry "CAN"]

1. c4 Nf6 2. g3 g6 3. Bg2 Bg7 4. Nc3 O-O 5. e4 d6 6. Nge2 Nbd7 7. O-O Ne5 8. d3 Nc6 9. h3 e5 10. Be3 Be6 11. Nd5 Qd7 12. Kh2 Nh5 13. g4 f5 14. gxh5 f4 15. hxg6 hxg6 16. f3 fxe3 17. Nxe3 Bh6 18. Ng4 Bg5 19. f4 exf4 20. Bf3 Ne5 21. Nd4 c5 22. Nxe5 dxe5 23. Nxe6 1/2-1/2

[Event "Western Canadian op"]
[Site "Richmond CAN"]
[Date "2004.07.18"]
[Round "10.17"]
[White "Daswani, Benedict"]
[Black "Obers, Frits"]
[Result "1/2-1/2"]
[WhiteElo "1854"]
[BlackElo "2095"]
[PlyCount "21"]
[GameId "2160767911095732"]
[EventDate "2004.07.09"]
[EventType "swiss"]
[EventRounds "10"]
[EventCountry "CAN"]

1. g3 d5 2. d3 Nf6 3. Bg2 e5 4. Nf3 Bd6 5. Bg5 Be6 6. c4 dxc4 7. Nfd2 c6 8. Nxc4 Bc5 9. O-O Nbd7 10. Nc3 O-O 11. Ne4 1/2-1/2

[Event "Western Canadian op"]
[Site "Richmond CAN"]
[Date "2004.07.18"]
[Round "10.18"]
[White "Steininger, Gavin"]
[Black "Lee, John"]
[Result "1/2-1/2"]
[WhiteElo "1955"]
[BlackElo "2038"]
[PlyCount "80"]
[GameId "2160767911095733"]
[EventDate "2004.07.09"]
[EventType "swiss"]
[EventRounds "10"]
[EventCountry "CAN"]

1. e4 e6 2. d4 d5 3. Nc3 Bb4 4. e5 c5 5. a3 Bxc3+ 6. bxc3 Ne7 7. Qg4 Nbc6 8. Qxg7 Rg8 9. Qxh7 cxd4 10. cxd4 Nxd4 11. Qd3 Ndc6 12. f4 Qc7 13. Ne2 Bd7 14. g3 a6 15. Rb1 Rc8 16. Bd2 b5 17. Rb3 Na5 18. Bxa5 Qxa5+ 19. Qd2 Qb6 20. Nd4 Nc6 21. Nxc6 Bxc6 22. Bg2 d4 23. Rd3 Bxg2 24. Qxg2 Qc6 25. Qxc6+ Rxc6 26. Kd2 Rc4 27. Rb1 Ke7 28. Rb4 Rgc8 29. Rxc4 Rxc4 30. h4 Kf8 31. c3 dxc3+ 32. Rxc3 Ra4 33. Rb3 Kg7 34. Ke2 Kg6 35. Kf3 Kh5 36. Ke3 Kg4 37. Kd2 Rd4+ 38. Rd3 Rc4 39. Rc3 Rd4+ 40. Kc2 Re4 1/2-1/2

[Event "Western Canadian op"]
[Site "Richmond CAN"]
[Date "2004.07.18"]
[Round "10.19"]
[White "Sladek, Vaclav"]
[Black "Brodie, Hugh"]
[Result "1/2-1/2"]
[WhiteElo "2009"]
[BlackElo "1894"]
[PlyCount "60"]
[GameId "2160767911095734"]
[EventDate "2004.07.09"]
[EventType "swiss"]
[EventRounds "10"]
[EventCountry "CAN"]

1. d4 e6 2. c4 f5 3. g3 Nf6 4. Bg2 d5 5. Nh3 c6 6. Qc2 Bd6 7. Bf4 O-O 8. O-O Nh5 9. Bxd6 Qxd6 10. e3 Nd7 11. f4 Nhf6 12. c5 Qe7 13. Nc3 b5 14. b4 a5 15. a4 axb4 16. Ne2 Ng4 17. Rf3 Ndf6 18. Nc1 Ne4 19. a5 h6 20. Qd3 Qd8 21. Nb3 Rf7 22. Rff1 Nc3 23. Bf3 Nf6 24. Nf2 Rfa7 25. Qc2 Bd7 26. Nd3 Be8 27. Nxb4 Na4 28. Rfc1 Qc7 29. Kh1 Bh5 30. Bxh5 Nxh5 1/2-1/2

[Event "Western Canadian op"]
[Site "Richmond CAN"]
[Date "2004.07.18"]
[Round "10.20"]
[White "Sullivan, Brian"]
[Black "Spears, Nicholas"]
[Result "0-1"]
[WhiteElo "1629"]
[BlackElo "2186"]
[PlyCount "58"]
[GameId "2160767911095735"]
[EventDate "2004.07.09"]
[EventType "swiss"]
[EventRounds "10"]
[EventCountry "CAN"]

1. e4 e5 2. Nf3 Nf6 3. Nxe5 Nxe4 4. d4 d6 5. Nf3 d5 6. Be2 Bd6 7. O-O O-O 8. Nc3 c6 9. Nxe4 dxe4 10. Nd2 Re8 11. Bc4 Be6 12. Bxe6 Rxe6 13. Nc4 Bc7 14. c3 Nd7 15. Kh1 Nf6 16. Ne3 Nd5 17. Nxd5 cxd5 18. Qh5 Qd6 19. g3 Rf6 20. Bf4 Rxf4 21. gxf4 Qxf4 22. Qh3 Bd6 23. Qg2 Re8 24. Rg1 Qh6 25. Rae1 Bf4 26. c4 Re6 27. cxd5 Rg6 28. Rxe4 f5 29. Re6 Rxg2 0-1

[Event "Western Canadian op"]
[Site "Richmond CAN"]
[Date "2004.07.18"]
[Round "10.22"]
[White "Mandic, Slaven"]
[Black "Escandor, Manuel Omana"]
[Result "1/2-1/2"]
[WhiteElo "1979"]
[BlackElo "1736"]
[PlyCount "140"]
[GameId "2160767911095736"]
[EventDate "2004.07.09"]
[EventType "swiss"]
[EventRounds "10"]
[EventCountry "CAN"]

1. f4 Nf6 2. Nf3 d5 3. e3 Bg4 4. h3 Bf5 5. g4 Bd7 6. d3 h6 7. Bg2 Nc6 8. b3 e6 9. Bb2 Bb4+ 10. Nbd2 Qe7 11. a3 Ba5 12. Qe2 O-O-O 13. O-O-O Bb6 14. Kb1 Rhg8 15. Ne5 Bc5 16. Ka2 Be8 17. d4 Bb6 18. g5 hxg5 19. fxg5 Nh7 20. h4 Nxe5 21. dxe5 Qc5 22. Nf1 Bb5 23. Qh5 Qxc2 24. Rd2 Qg6 25. Qxg6 fxg6 26. Bh3 Rde8 27. a4 Bd7 28. Ba3 Kb8 29. Rhh2 c5 30. Ng3 Rgf8 31. Rhf2 Rc8 32. Bf1 Ba5 33. Rxf8 Rxf8 34. Rg2 b6 35. Bd3 Be8 36. Ne2 Rf3 37. Bc1 Rh3 38. Nf4 Rh1 39. Kb2 Nf8 40. Rf2 Rxh4 41. Nxd5 Nd7 42. Ne7 Nxe5 43. Ba6 Rh3 44. e4 Be1 45. Bf4 Bxf2 46. Bxe5+ Ka8 47. Bd6 Bd4+ 48. Kc2 Rh4 49. e5 Rh2+ 50. Kd1 b5 51. Bc8 bxa4 52. Bxe6 a5 53. Bd5+ Ka7 54. bxa4 Bxa4+ 55. Ke1 Be8 56. e6 Rb2 57. Nc8+ Ka6 58. e7 Bf2+ 59. Kf1 Bb5+ 60. Kg2 Bh4+ 61. Kh3 Be1 62. Bc4 Bxc4 63. e8=Q Bf1+ 64. Kg4 Rg2+ 65. Kf3 Rf2+ 66. Kg4 Be2+ 67. Kh3 Bf1+ 68. Kg4 Rg2+ 69. Kf3 Rf2+ 70. Kg4 Rg2+ 1/2-1/2

[Event "Western Canadian op"]
[Site "Richmond CAN"]
[Date "2004.07.18"]
[Round "10.23"]
[White "Palmer, Jordan"]
[Black "Westbrook, Mike"]
[Result "1-0"]
[WhiteElo "1915"]
[BlackElo "1656"]
[PlyCount "67"]
[GameId "2160767911095737"]
[EventDate "2004.07.09"]
[EventType "swiss"]
[EventRounds "10"]
[EventCountry "CAN"]

1. e4 e5 2. f4 exf4 3. Nf3 d6 4. Bc4 g5 5. d4 Bg7 6. h4 h6 7. Nc3 Bg4 8. Qd3 Nc6 9. Bd2 Na5 10. O-O-O Nxc4 11. Qxc4 Qd7 12. hxg5 hxg5 13. Rxh8 Bxh8 14. Rh1 Bf6 15. Nd5 O-O-O 16. Ba5 Qc6 17. Qd3 b6 18. Bc3 Bxf3 19. gxf3 Qe8 20. Qc4 c6 21. Nb4 Kb7 22. Rh7 d5 23. Qa6+ Ka8 24. e5 Rb8 25. exf6 Nxf6 26. Rh1 Qd7 27. Nd3 Qe6 28. Re1 Qd7 29. Ne5 Qc7 30. Bb4 Ng8 31. Qd3 f6 32. Ng6 c5 33. dxc5 bxc5 34. Qxd5+ 1-0

[Event "Western Canadian op"]
[Site "Richmond CAN"]
[Date "2004.07.18"]
[Round "10.30"]
[White "Churchill, Sam"]
[Black "Long, Hugh"]
[Result "1-0"]
[WhiteElo "1477"]
[BlackElo "1752"]
[PlyCount "55"]
[GameId "2160767911095739"]
[EventDate "2004.07.09"]
[EventType "swiss"]
[EventRounds "10"]
[EventCountry "CAN"]

1. e4 e6 2. d4 d5 3. Nc3 Bb4 4. e5 c5 5. a3 Bxc3+ 6. bxc3 Ne7 7. Bd3 Nbc6 8. Qg4 Qb6 9. Nf3 g6 10. Bh6 c4 11. Be2 Nf5 12. Qf4 Qb2 13. Kd2 Na5 14. Rhb1 Nb3+ 15. Kd1 Qxa1 16. Rxa1 Nxa1 17. g4 Nxh6 18. Qxh6 Bd7 19. Qc1 h5 20. gxh5 Ba4 21. Qxa1 Rxh5 22. Qc1 O-O-O 23. Bf1 g5 24. h3 Rg8 25. Nh2 Kd8 26. Ng4 Rgh8 27. Qb2 b6 28. Qb4 1-0

[Event "Western Canadian op"]
[Site "Richmond CAN"]
[Date "2004.07.18"]
[Round "10.31"]
[White "Strazhnik, Mikhail"]
[Black "Cheng, Lesley"]
[Result "0-1"]
[WhiteElo "1749"]
[BlackElo "1426"]
[PlyCount "94"]
[GameId "2160767911095740"]
[EventDate "2004.07.09"]
[EventType "swiss"]
[EventRounds "10"]
[EventCountry "CAN"]

1. e4 d6 2. d4 g6 3. Nf3 Bg7 4. Nc3 Nc6 5. Be3 e5 6. Bc4 exd4 7. Nxd4 Nxd4 8. Bxd4 Nf6 9. O-O O-O 10. Qd2 Re8 11. Rae1 Be6 12. Bd3 d5 13. exd5 Nxd5 14. Bxg7 Kxg7 15. a3 Qf6 16. Nxd5 Bxd5 17. b3 Rad8 18. f3 Be6 19. Qf2 b6 20. Re2 Bf5 21. Bxf5 Qxf5 22. Rfe1 Rxe2 23. Qxe2 Qc5+ 24. Kf1 Qxa3 25. Qe5+ Kg8 26. Qxc7 Ra8 27. h4 Qa6+ 28. Re2 Re8 29. Qc4 Qxc4 30. bxc4 Rc8 31. Re7 Rxc4 32. Rxa7 Rxc2 33. Rb7 Rb2 34. Kg1 h5 35. Kh2 Kg7 36. Kh3 Kf6 37. g4 hxg4+ 38. Kxg4 Rb3 39. h5 gxh5+ 40. Kxh5 b5 41. f4 b4 42. Rb6+ Kf5 43. Kh6 Kxf4 44. Rf6+ Ke3 45. Rxf7 Rb1 46. Kg5 b3 47. Rb7 b2 0-1

[Event "Western Canadian op"]
[Site "Richmond CAN"]
[Date "2004.07.18"]
[Round "10.34"]
[White "Cunningham, Chase"]
[Black "Jung, William"]
[Result "1/2-1/2"]
[WhiteElo "1439"]
[BlackElo "1667"]
[PlyCount "62"]
[GameId "2160767911095741"]
[EventDate "2004.07.09"]
[EventType "swiss"]
[EventRounds "10"]
[EventCountry "CAN"]

1. e4 c5 2. Nf3 Nc6 3. d4 cxd4 4. Nxd4 e6 5. Nc3 d6 6. Bc4 Nge7 7. Bb3 a6 8. O-O g6 9. f4 Bg7 10. Be3 Na5 11. Qe1 Nxb3 12. axb3 Nc6 13. Nf3 O-O 14. Qf2 f5 15. Rad1 Bxc3 16. bxc3 fxe4 17. Ng5 d5 18. Nxe4 Qc7 19. Ng5 Qg7 20. Bc5 Re8 21. Rd3 h6 22. Nf3 b5 23. Ne5 Bb7 24. Rg3 Nxe5 25. fxe5 d4 26. Qf6 Be4 27. cxd4 Bxc2 28. Rgf3 Bf5 29. h3 Qxf6 30. exf6 Kf7 31. g4 Be4 1/2-1/2

[Event "Western Canadian op"]
[Site "Richmond CAN"]
[Date "2004.07.18"]
[Round "10.36"]
[White "Sohal, Tanraj"]
[Black "Raymer, Elliot"]
[Result "0-1"]
[WhiteElo "1252"]
[BlackElo "1561"]
[PlyCount "28"]
[GameId "2160767911095742"]
[EventDate "2004.07.09"]
[EventType "swiss"]
[EventRounds "10"]
[EventCountry "CAN"]

1. e4 e5 2. Nf3 Nc6 3. Bc4 Nf6 4. Ng5 d5 5. exd5 Na5 6. Bb5+ c6 7. dxc6 bxc6 8. Be2 h6 9. Nf3 e4 10. Ne5 Qd4 11. f4 Bc5 12. d3 Qf2+ 13. Kd2 e3+ 14. Kc3 Nd5# 0-1

[Event "Western Canadian op"]
[Site "Richmond CAN"]
[Date "2004.07.18"]
[Round "10.38"]
[White "Cameanii, Valerii"]
[Black "Harper, Laura"]
[Result "1-0"]
[WhiteElo "1717"]
[BlackElo "1386"]
[PlyCount "81"]
[GameId "2160767911095743"]
[EventDate "2004.07.09"]
[EventType "swiss"]
[EventRounds "10"]
[EventCountry "CAN"]

1. d4 g6 2. c4 d6 3. Nc3 Bg7 4. e4 Nc6 5. Be3 e5 6. d5 Nd4 7. h3 c5 8. Bd3 Ne7 9. Nge2 O-O 10. O-O f5 11. f4 Nxe2+ 12. Qxe2 exf4 13. Bxf4 fxe4 14. Nxe4 Nf5 15. Rab1 Re8 16. Qd2 Bf8 17. Bg5 Be7 18. Rbe1 Bd7 19. Bxe7 Rxe7 20. Nf6+ Kh8 21. Nxd7 Rxe1 22. Qxe1 Qxd7 23. Bxf5 gxf5 24. Qc3+ Kg8 25. Qg3+ Kh8 26. Qg5 Rf8 27. g4 Qg7 28. Qxg7+ Kxg7 29. Re1 Rf6 30. Re7+ Rf7 31. Re6 fxg4 32. Rxd6 Rf6 33. Rd7+ Rf7 34. Rxf7+ Kxf7 35. hxg4 Kf6 36. Kg2 Kg5 37. Kg3 Kf6 38. Kh4 Kg6 39. g5 b6 40. b3 a6 41. d6 1-0